000 00565nam a2200205Ia 4500
005 20241129111015.0
008 241129s9999||||xx |||||||||||||| ||und||
020 _a978-0-226-804811
037 _aREF
040 _aCRL
_beng
_cCRL
041 _aeng
_2eng
084 _a2:55:(D65,8(B))k R1(RR)
_qCRL
245 0 _aRDA glossary: RDA steering committee
260 _aChicago, USA
_bAlA
_c2021
300 _avii,270p.
365 _aUKP
_b50
650 _aLibrary Science
942 _cREF
_h2:55:(D65,8(B))k R1(RR)
999 _c1228506
_d1228506